Normal view
MARC view
Entry Personal Name
001 - CONTROL NUMBER
- control field: 1160236
003 - CONTROL NUMBER IDENTIFIER
- control field: OSt
005 - DATE AND TIME OF LATEST TRANSACTION
- control field: 20260324120843.0
008 - FIXED-LENGTH DATA ELEMENTS
- fixed length control field: 260324|| aca||aabn | a|a d
040 ## - CATALOGING SOURCE
- Original cataloging agency: OSt
- Transcribing agency: OSt
100 ## - HEADING--PERSONAL NAME
- Personal name: Thomas Kirsch; George Hogenson
670 ## - SOURCE DATA FOUND
- Source citation: Work cat.: (OSt)1751975: Thomas Kirsch; George Hogenson, The Red Book: Reflections on C.G. Jung's Liber Novus
